[Event "StM 2004"]
[Site "Hartberg"]
[Date "2004.??.??"]
[Round "5.15"]
[White "Sadilek, Maximilian"]
[Black "Genser, Harald"]
[Result "0-1"]
[WhiteElo "2130"]
[BlackElo "2285"]
[PlyCount "124"]
[EventDate "2004.??.??"]

1. e4 c6 2. d4 d5 3. exd5 cxd5 4. Bd3 Nc6 5. c3 Nf6 6. Bf4 Bg4 7. Qb3 Qc8 8.
Nd2 Bh5 9. Ngf3 Bg6 10. Bxg6 hxg6 11. h3 e6 12. O-O Be7 13. Rfe1 O-O 14. Ne5
Nd7 15. Ndf3 Ncxe5 16. Nxe5 Nxe5 17. Bxe5 Qc6 18. Qd1 b5 19. Qg4 f6 20. Bh2 Kf7
21. Re3 f5 22. Qe2 Bf6 23. Re1 Rfe8 24. b3 Rac8 25. g4 Qd7 26. b4 a6 27. Bg3
Rc6 28. h4 Rh8 29. g5 Bd8 30. f4 Bb6 31. a3 Qc8 32. Kf1 Ba7 33. Bf2 Bb8 34. Bg3
Re8 35. h5 Rxc3 36. hxg6+ Kxg6 37. Rxe6+ Rxe6 38. Qxe6+ Qxe6 39. Rxe6+ Kf7 40.
Rb6 Rxg3 41. Rxb8 Rf3+ 42. Ke2 Rxf4 43. Rb6 Rxd4 44. g6+ Ke7 45. Rxa6 Re4+ 46.
Kd3 Re6 47. Ra5 Kd6 48. Rxb5 Ke5 49. a4 Rxg6 50. a5 Rg3+ 51. Ke2 Ra3 52. Rb6 g5
53. a6 g4 54. b5 f4 55. Rb7 g3 56. Rf7 Ke4 57. Re7+ Kd4 58. Rf7 Ra2+ 59. Kf1
Ke3 60. a7 f3 61. Re7+ Kd3 62. a8=Q Rxa8 0-1

[Event "StM 2004"]
[Site "Hartberg"]
[Date "2004.??.??"]
[Round "5.16"]
[White "Beck, Hartmuth"]
[Black "Schwarhofer, Christopher"]
[Result "1-0"]
[WhiteElo "2279"]
[BlackElo "2029"]
[PlyCount "93"]
[EventDate "2004.??.??"]

1. c4 e5 2. Nc3 Nf6 3. g3 d5 4. cxd5 Nxd5 5. Bg2 Be6 6. d3 Nc6 7. Nf3 Be7 8.
O-O Nb6 9. Be3 O-O 10. Na4 Nd5 11. Bc5 g5 12. Bxe7 Qxe7 13. Qc1 g4 14. Qg5+ Kh8
15. Qxe7 Ndxe7 16. Nd2 Rad8 17. Rfc1 Nd5 18. a3 f5 19. Nc5 Bc8 20. b4 Nd4 21.
Kf1 e4 22. e3 Nf3 23. Bxf3 exf3 24. Nc4 Rf6 25. Kg1 h5 26. Ne5 Re8 27. d4 Kg7
28. h4 gxh3 29. Nxf3 f4 30. exf4 Nxf4 31. gxf4 Rxf4 32. Ne5 Rxd4 33. Re1 Kh7
34. Kh2 b6 35. Nb3 Rd5 36. f4 Rf8 37. Rac1 c5 38. bxc5 Rxf4 39. cxb6 Rf2+ 40.
Kg3 Rb2 41. Rc7+ Kh6 42. Rxc8 Rxb3+ 43. Kf4 Rd4+ 44. Kf5 Rxb6 45. Rg1 Kh7 46.
Rgg8 Rd5 47. Rh8+ 1-0

[Event "StM 2004"]
[Site "Hartberg"]
[Date "2004.??.??"]
[Round "5.17"]
[White "Fahrner, Kurt"]
[Black "Wegerer, Fred"]
[Result "1/2-1/2"]
[WhiteElo "2342"]
[BlackElo "2230"]
[PlyCount "33"]
[EventDate "2004.??.??"]

1. d4 Nf6 2. c4 e6 3. Nc3 d5 4. Nf3 Nbd7 5. Bg5 Bb4 6. Bxf6 Qxf6 7. e3 O-O 8.
Rc1 c6 9. cxd5 exd5 10. Bd3 Re8 11. O-O Qh6 12. Re1 Nf8 13. e4 dxe4 14. Rxe4
Rxe4 15. Nxe4 Bg4 16. Rc4 Be7 17. Ng3 1/2-1/2

[Event "StM 2004"]
[Site "Hartberg"]
[Date "2004.??.??"]
[Round "5.18"]
[White "Rolletschek, Heinrich"]
[Black "Hatzl, Stefan"]
[Result "1/2-1/2"]
[WhiteElo "2316"]
[BlackElo "2213"]
[PlyCount "53"]
[EventDate "2004.??.??"]

1. e4 Nc6 2. c4 d6 3. g3 e5 4. Bg2 g6 5. Ne2 Bg7 6. d3 f5 7. Nbc3 Nf6 8. O-O
O-O 9. Rb1 Nd4 10. Nxd4 exd4 11. Nd5 Nxd5 12. exd5 a5 13. b3 Bd7 14. a3 h6 15.
f4 Re8 16. Re1 b6 17. Rxe8+ Qxe8 18. Rb2 Qf7 19. Re2 Re8 20. Rxe8+ Qxe8 21. Kf2
Kf7 22. Bf3 Qe7 23. Bd2 Qe8 24. Kf1 Bf6 25. Qa1 Qa8 26. Be1 c5 27. a4 1/2-1/2

[Event "StM 2004"]
[Site "Hartberg"]
[Date "2004.??.??"]
[Round "5.19"]
[White "Wallis, Anton"]
[Black "Schnider, Gert"]
[Result "1/2-1/2"]
[WhiteElo "2177"]
[BlackElo "2314"]
[PlyCount "127"]
[EventDate "2004.??.??"]

1. e4 c5 2. c3 d5 3. exd5 Qxd5 4. d4 Nf6 5. Nf3 e6 6. Bd3 Nc6 7. O-O Be7 8. Na3
cxd4 9. Nb5 Qd8 10. Nbxd4 Nxd4 11. Nxd4 O-O 12. Re1 a6 13. Bf4 Re8 14. Qe2 Qd5
15. a4 b6 16. Bc4 Qd7 17. Bb3 Bb7 18. Rad1 Bc5 19. Be5 Qe7 20. Bc2 Rad8 21. Qe3
Nd7 22. Qh3 g6 23. Bc7 Rc8 24. Bf4 Nf8 25. Qg3 Kh8 26. h4 f6 27. Nb3 e5 28.
Nxc5 bxc5 29. Bc1 Rcd8 30. Qe3 Ne6 31. Qh6 Nf8 32. b3 Qf7 33. Be3 Ne6 34. Bc1
Rg8 35. Rxd8 Rxd8 36. Rd1 Rxd1+ 37. Bxd1 Qd7 38. Qd2 Qc6 39. f3 Qc7 40. Be2 Nf4
41. Bc4 Qe7 42. g3 Nh5 43. Kf2 f5 44. Qg5 Qd6 45. Qd2 Qe7 46. Qg5 Nf6 47. h5 e4
48. hxg6 exf3 49. Kf1 Qg7 50. Qxf5 hxg6 51. Qxc5 Ne4 52. Qg1 g5 53. Be3 Qh6 54.
Bd4+ Kh7 55. Bd3 g4 56. Qe3 Qh1+ 57. Qg1 Qh3+ 58. Ke1 Kg8 59. Bxe4 Bxe4 60. Kd2
Qh6+ 61. Qe3 Qh2+ 62. Qf2 Qh6+ 63. Qe3 Qh2+ 64. Qf2 1/2-1/2

[Event "StM 2004"]
[Site "Hartberg"]
[Date "2004.??.??"]
[Round "5.20"]
[White "Petschar, Kurt"]
[Black "Fauland, Peter"]
[Result "1/2-1/2"]
[WhiteElo "2289"]
[BlackElo "2276"]
[PlyCount "30"]
[EventDate "2004.??.??"]

1. e4 c5 2. c3 d5 3. exd5 Qxd5 4. d4 Nf6 5. Nf3 Bg4 6. Be2 e6 7. O-O Nc6 8. h3
Bh5 9. Be3 cxd4 10. cxd4 Bb4 11. Nc3 Qd8 12. Qb3 O-O 13. Rfd1 Nd5 14. Nxd5 Qxd5
15. Qxd5 exd5 1/2-1/2

[Event "StM 2004"]
[Site "Hartberg"]
[Date "2004.??.??"]
[Round "5.21"]
[White "Poeltl, Thomas"]
[Black "Schwaninger, Wolfgang"]
[Result "1-0"]
[WhiteElo "2217"]
[BlackElo "2255"]
[PlyCount "119"]
[EventDate "2004.??.??"]

1. d4 g6 2. c4 d6 3. Nc3 Nf6 4. e4 c6 5. f3 Nbd7 6. Be3 e5 7. d5 a5 8. Bd3 Bg7
9. Nge2 O-O 10. Qd2 Nc5 11. Bc2 cxd5 12. cxd5 Nfd7 13. O-O b6 14. b4 axb4 15.
Nb5 Ba6 16. Qxb4 Bxb5 17. Qxb5 Ra5 18. Qb2 Qc7 19. Nc3 Rfa8 20. Nb5 Qb8 21. Bd2
R5a6 22. Bd1 f5 23. Qc2 fxe4 24. fxe4 Nf6 25. Nc3 Qc7 26. Rc1 Ra5 27. Be2 Qd7
28. Qb1 Ra3 29. Bg5 Rxc3 30. Rxc3 Ncxe4 31. Rc6 Nxg5 32. Qxb6 Nge4 33. Rc7 Qa4
34. Qb7 Bf8 35. Bc4 Qa3 36. Bb3 Qa5 37. h3 Re8 38. Bc2 Qa8 39. Qb4 Rb8 40. Qe1
Qxd5 41. Bb3 Rxb3 42. axb3 Qxb3 43. Qc1 Qb6+ 44. Kh2 Qb3 45. Rf3 Qe6 46. Qc6
Ng5 47. Rg3 h6 48. h4 Ng4+ 49. Rxg4 Qxg4 50. hxg5 Qf4+ 51. Kg1 Qe3+ 52. Kf1
Qxg5 53. Qc4+ Kh8 54. Rf7 Be7 55. Qc8+ Bd8 56. Rf8+ Kg7 57. Qxd8 Qc1+ 58. Kf2
Qd2+ 59. Kg1 Qd1+ 60. Rf1 1-0

[Event "StM 2004"]
[Site "Hartberg"]
[Date "2004.??.??"]
[Round "5.22"]
[White "Schein, Karl-Heinz"]
[Black "Zoebisch, Herbert"]
[Result "0-1"]
[WhiteElo "2253"]
[BlackElo "2187"]
[PlyCount "68"]
[EventDate "2004.??.??"]

1. d4 d5 2. c4 dxc4 3. Nf3 Nf6 4. Nc3 a6 5. e4 b5 6. e5 Nd5 7. a4 e6 8. axb5
Bb4 9. Bd2 Nb6 10. Ne4 Bxd2+ 11. Qxd2 O-O 12. Be2 axb5 13. Rxa8 Nxa8 14. O-O
Nb6 15. Bd1 Nc6 16. Bc2 Nd5 17. Re1 Nce7 18. Nc5 Ng6 19. g3 Re8 20. h4 Nf8 21.
Ng5 h6 22. Nf3 Bd7 23. Re4 Bc6 24. Rg4 Kh8 25. Nh2 f5 26. exf6 Nxf6 27. Rf4 e5
28. Rxf6 Qxf6 29. d5 Qd6 30. Ne4 Qxd5 31. Qe3 Qd4 32. Qf3 Rd8 33. Ng4 Bxe4 34.
Bxe4 Qd1+ 0-1

[Event "StM 2004"]
[Site "Hartberg"]
[Date "2004.??.??"]
[Round "5.23"]
[White "Roth, Peter"]
[Black "Mueller, Roland"]
[Result "1-0"]
[WhiteElo "2244"]
[BlackElo "2097"]
[PlyCount "51"]
[EventDate "2004.??.??"]

1. e4 d5 2. Nc3 Nf6 3. e5 d4 4. exf6 dxc3 5. bxc3 gxf6 6. Bc4 Nc6 7. Qh5 Ne5 8.
Bb3 Ng6 9. f4 e6 10. d4 Qd6 11. Ne2 Bd7 12. O-O f5 13. c4 Bg7 14. Be3 c5 15. c3
b6 16. Rad1 Qc7 17. Nc1 O-O 18. Nd3 Rfd8 19. Rf3 Bc6 20. Rh3 cxd4 21. cxd4 Rxd4
22. Bxd4 Bxd4+ 23. Kh1 Kf8 24. Qg5 Be4 25. Rxh7 Kg8 26. Qxg6+ 1-0

[Event "StM 2004"]
[Site "Hartberg"]
[Date "2004.??.??"]
[Round "5.24"]
[White "Scheffknecht, Philipp"]
[Black "Schwab, Rene"]
[Result "0-1"]
[WhiteElo "2171"]
[BlackElo "2240"]
[PlyCount "72"]
[EventDate "2004.??.??"]

1. d4 c6 2. Nf3 g6 3. g3 Bg7 4. Bg2 d5 5. O-O Nf6 6. c4 O-O 7. Ne5 dxc4 8. Nxc4
Be6 9. Ne5 Nbd7 10. Nd3 Qb6 11. Nf4 Bf5 12. Nc3 e5 13. dxe5 Nxe5 14. Na4 Qc7
15. Qb3 Rad8 16. Nc5 b6 17. Na6 Qc8 18. Nb4 Ne4 19. Nbd3 Nxd3 20. Nxd3 Rfe8 21.
Be3 c5 22. Rac1 Bh3 23. a4 Bxg2 24. Kxg2 Bd4 25. Bxd4 Rxd4 26. Rfd1 c4 27. Nf4
Nc5 28. Qb5 Rxf4 29. gxf4 Qg4+ 30. Kh1 Rxe2 31. Rc3 Ne4 32. Qe8+ Kg7 33. Qxe4
Rxe4 34. f3 Qxf4 35. fxe4 Qxe4+ 36. Kg1 Qg4+ 0-1

[Event "StM 2004"]
[Site "Hartberg"]
[Date "2004.??.??"]
[Round "5.25"]
[White "Brod, Manfred"]
[Black "Nickl, Klaus"]
[Result "1-0"]
[WhiteElo "2233"]
[BlackElo "2171"]
[PlyCount "59"]
[EventDate "2004.??.??"]

1. e4 c6 2. d4 d5 3. Nc3 g6 4. Be3 Nf6 5. e5 Ng4 6. Bf4 h5 7. Qd2 Bg7 8. h3 Nh6
9. g4 hxg4 10. hxg4 Ng8 11. Rxh8 Bxh8 12. Be2 Na6 13. Nh3 Nc7 14. O-O-O Bg7 15.
Kb1 Be6 16. Ng5 Qd7 17. f3 b5 18. Rh1 a5 19. Rh7 Kf8 20. Bd3 c5 21. dxc5 d4 22.
Nxe6+ Qxe6 23. Ne4 Qd5 24. Ng5 Qxc5 25. Qh2 Ne8 26. Bxg6 Qb4 27. Bxf7 Qe1+ 28.
Bc1 Nef6 29. exf6 exf6 30. Rxg7 1-0

[Event "StM 2004"]
[Site "Hartberg"]
[Date "2004.??.??"]
[Round "5.26"]
[White "Kreisl, Robert"]
[Black "Wallner, Joachim"]
[Result "1-0"]
[WhiteElo "2206"]
[BlackElo "2319"]
[PlyCount "89"]
[EventDate "2004.??.??"]

1. e4 c5 2. Nc3 a6 3. g3 b5 4. Bg2 Bb7 5. d3 e6 6. f4 Nf6 7. Nf3 d5 8. e5 d4 9.
exf6 dxc3 10. bxc3 Qxf6 11. d4 Bd6 12. O-O O-O 13. Be3 Qe7 14. Qe2 Nd7 15. Rae1
Nb6 16. f5 exf5 17. Nh4 Bxg2 18. Nxf5 Qc7 19. Qg4 f6 20. dxc5 Bxc5 21. Bxc5
Qxc5+ 22. Kxg2 Ra7 23. Nd4 Nc4 24. Qe6+ Kh8 25. Rf5 Qc8 26. Qxc8 Rxc8 27. Rc5
Raa8 28. Rxc8+ Rxc8 29. Re7 h5 30. Ne6 Ne3+ 31. Kf3 Rxc3 32. Ke4 Nxc2 33. Kf5
Kh7 34. Rxg7+ Kh6 35. Rg6+ Kh7 36. Rg7+ Kh6 37. Kxf6 Rf3+ 38. Nf4 Ne3 39. Rg6+
Kh7 40. Rg7+ Kh6 41. Rg6+ Kh7 42. Kg5 Rf2 43. Re6 Nc4 44. Nxh5 Rxa2 45. Rg6 1-0

[Event "StM 2004"]
[Site "Hartberg"]
[Date "2004.??.??"]
[Round "5.27"]
[White "Gerhold, Michael"]
[Black "Holzer, Gerhard"]
[Result "0-1"]
[WhiteElo "2203"]
[BlackElo "2270"]
[PlyCount "96"]
[EventDate "2004.??.??"]

1. d4 g6 2. c4 Bg7 3. Nf3 d6 4. Nc3 Nf6 5. e4 O-O 6. Be2 c6 7. O-O Nbd7 8. Re1
e5 9. Rb1 exd4 10. Nxd4 Nc5 11. Bf1 a5 12. f3 a4 13. b4 axb3 14. axb3 Re8 15.
Be3 Bf8 16. Bf2 Nh5 17. Qd2 Qf6 18. g3 Ng7 19. f4 Qd8 20. b4 Na4 21. Ra1 Nb6
22. Rxa8 Nxa8 23. Ra1 Nc7 24. b5 Nce6 25. Nb3 f5 26. exf5 Nxf5 27. Bg2 Bd7 28.
Ra7 Qb8 29. Na5 Nd8 30. bxc6 Bxc6 31. Nd5 Bg7 32. g4 Nh6 33. h3 Nhf7 34. g5 Kh8
35. Bd4 Rg8 36. Nf6 Bxg2 37. Nxg8 b6 38. Rd7 Bxh3 39. Nh6 Bxd7 40. Bxg7+ Kxg7
41. Qb2+ Kf8 42. Nb3 d5 43. Qa3+ Qd6 44. c5 Qe7 45. Kf2 Nxh6 46. gxh6 Qh4+ 47.
Ke3 bxc5 48. Qxc5+ Qe7+ 0-1

[Event "StM 2004"]
[Site "Hartberg"]
[Date "2004.??.??"]
[Round "5.28"]
[White "Kuthan, Andreas"]
[Black "Mayerhofer, Peter"]
[Result "1/2-1/2"]
[WhiteElo "2269"]
[BlackElo "2165"]
[PlyCount "92"]
[EventDate "2004.??.??"]

1. e4 c5 2. c3 Nf6 3. e5 Nd5 4. d4 cxd4 5. Nf3 e6 6. cxd4 d6 7. Bc4 Nb6 8. Bd3
Nc6 9. O-O Qc7 10. exd6 Bxd6 11. Nc3 a6 12. a3 O-O 13. Ne4 Nd5 14. Nxd6 Qxd6
15. Re1 b5 16. Bb1 Bb7 17. Qd3 f5 18. Ba2 Rae8 19. Bd2 Kh8 20. Re2 e5 21. dxe5
Nxe5 22. Nxe5 Rxe5 23. Bb4 Qg6 24. Rxe5 Nxb4 25. Qg3 Nxa2 26. Qxg6 hxg6 27.
Rxa2 Rd8 28. Ra1 Rd2 29. b4 Kh7 30. Kf1 Be4 31. Ke1 Rc2 32. Rd1 Bxg2 33. Re7
Bf3 34. Rdd7 Kh6 35. Rxg7 Re2+ 36. Kf1 Ra2 37. Ke1 Re2+ 38. Kf1 Ra2 39. Rge7
Rxa3 40. Rd6 Ra1+ 41. Re1 Ra4 42. Rb1 a5 43. bxa5 Rxa5 44. Rb6 Ra2 45. Ke1 Re2+
46. Kf1 Ra2 1/2-1/2

[Event "StM 2004"]
[Site "Hartberg"]
[Date "2004.??.??"]
[Round "5.29"]
[White "Sandhoefner, Florian"]
[Black "Bozinovic, Boban"]
[Result "1-0"]
[WhiteElo "2240"]
[BlackElo "2163"]
[PlyCount "117"]
[EventDate "2004.??.??"]

1. e4 e5 2. Nf3 Nf6 3. Nxe5 d6 4. Nf3 Nxe4 5. d4 d5 6. Bd3 Nc6 7. O-O Bg4 8. c3
Be7 9. Re1 Nf6 10. h3 Bxf3 11. Qxf3 O-O 12. Bf4 Re8 13. Nd2 Qd7 14. Be5 h6 15.
Re2 Nxe5 16. dxe5 Nh7 17. Bxh7+ Kxh7 18. Qxf7 Rf8 19. Qh5 Qe6 20. Qg4 Rf5 21.
Nf3 c5 22. Rd1 Raf8 23. Qa4 Rf4 24. Qb3 Rxf3 25. gxf3 Qxh3 26. Qxd5 Rf5 27. Qe4
g6 28. f4 Qg4+ 29. Kf1 Rxf4 30. Qxb7 Qh3+ 31. Ke1 Qh4 32. e6 Rf8 33. Qxe7+ Qxe7
34. Rd7 Re8 35. Rxe7+ Rxe7 36. Re5 c4 37. Re4 Kg7 38. Kf1 Kf6 39. Rxc4 Rxe6 40.
a4 h5 41. b4 Kf5 42. b5 g5 43. a5 h4 44. Rb4 h3 45. Kg1 Re7 46. b6 axb6 47.
axb6 Rb7 48. f3 Ke6 49. Kh2 Kd7 50. Kxh3 Kc8 51. Kg4 Rg7 52. c4 Rf7 53. c5 Rf6
54. c6 Rxc6 55. Kxg5 Rc5+ 56. Kg4 Kb7 57. f4 Rc1 58. f5 Rg1+ 59. Kh5 1-0

[Event "StM 2004"]
[Site "Hartberg"]
[Date "2004.??.??"]
[Round "5.30"]
[White "Posch, Werner"]
[Black "Kastner, Walter"]
[Result "1-0"]
[WhiteElo "2172"]
[BlackElo "2229"]
[PlyCount "97"]
[EventDate "2004.??.??"]

1. e4 e6 2. d3 d5 3. Nd2 Nf6 4. Ngf3 b6 5. c3 c5 6. Qa4+ Qd7 7. Qc2 Qc7 8. Be2
Bb7 9. O-O Be7 10. Re1 Nc6 11. a3 O-O 12. Bf1 Rfe8 13. e5 Nd7 14. d4 f5 15.
exf6 Bxf6 16. Bd3 Nf8 17. Nf1 c4 18. Be2 e5 19. dxe5 Nxe5 20. Be3 Nxf3+ 21.
Bxf3 Rad8 22. Qf5 Qf7 23. Red1 g6 24. Qh3 Ne6 25. Bg4 Nc5 26. Bxc5 bxc5 27. Re1
Kg7 28. Be6 Qc7 29. Re2 Bc8 30. Rae1 Bxe6 31. Rxe6 Rxe6 32. Qxe6 Qf7 33. Qc6 d4
34. Qxc5 d3 35. Nd2 Re8 36. Re3 Rxe3 37. fxe3 Qb7 38. Qb4 Qd5 39. Qxc4 Qb7 40.
b3 Qe7 41. Qxd3 Qxa3 42. c4 Qc1+ 43. Nf1 a5 44. Qd7+ Kh6 45. Qd6 Bc3 46. Qf8+
Bg7 47. Qf4+ g5 48. Qd6+ Kh5 49. g4+ 1-0

[Event "StM 2004"]
[Site "Hartberg"]
[Date "2004.??.??"]
[Round "5.31"]
[White "Kreindl, Helmut"]
[Black "Hosp, Reinhard"]
[Result "0-1"]
[WhiteElo "2228"]
[BlackElo "2131"]
[PlyCount "144"]
[EventDate "2004.??.??"]

1. d4 d5 2. Nf3 c6 3. e3 Nd7 4. b3 Ngf6 5. Nbd2 Qc7 6. Bb2 e6 7. c4 Bd6 8. Be2
O-O 9. Rc1 Re8 10. h3 Nf8 11. Ne5 Bd7 12. c5 Be7 13. O-O Rad8 14. Bd3 Bc8 15.
f4 N6d7 16. Bb1 f6 17. Nd3 f5 18. Ne5 Nxe5 19. dxe5 Qa5 20. Bd4 Nd7 21. Qc2 Kh8
22. Nf3 h6 23. g4 g6 24. Kh2 Rg8 25. Rg1 Rdf8 26. h4 h5 27. gxh5 gxh5 28. Ng5
Bxg5 29. hxg5 Kg7 30. g6 Rh8 31. Rg5 Rh6 32. Rcg1 Nb8 33. Qe2 Qd8 34. R1g3 b6
35. b4 Ba6 36. Qc2 h4 37. Rg1 Bc4 38. Qa4 Qc7 39. Qd1 Nd7 40. Qe1 Qc8 41. Qc3
Qe8 42. Qa3 bxc5 43. bxc5 a6 44. Qc3 Be2 45. Bxf5 exf5 46. e6+ Nf6 47. Bxf6+
Rxf6 48. Rxf5 d4 49. Qxd4 Qxe6 50. Rxf6 Qxf6 51. Qd7+ Kg8 52. g7 Rg6 53. Qe8+
Kxg7 54. Rxg6+ Qxg6 55. Qe7+ Qf7 56. Qg5+ Kh7 57. Qxh4+ Qh5 58. Qxh5+ Bxh5 59.
Kg3 Kg6 60. e4 Kf6 61. Kf2 a5 62. Ke3 Bf7 63. a3 a4 64. Kd4 Ba2 65. Ke3 Bb1 66.
Kd4 Bc2 67. Ke3 Kg6 68. Kd4 Kf6 69. Ke3 Kg6 70. Kd4 Kh5 71. Ke5 Kg4 72. f5 Kg5
0-1

[Event "StM 2004"]
[Site "Hartberg"]
[Date "2004.??.??"]
[Round "5.32"]
[White "Wolfram, Dominik"]
[Black "Krebs, Johann"]
[Result "0-1"]
[WhiteElo "2102"]
[BlackElo "2223"]
[PlyCount "118"]
[EventDate "2004.??.??"]

1. e4 c5 2. Nf3 e6 3. c3 d5 4. exd5 Qxd5 5. d4 Nc6 6. Be2 cxd4 7. cxd4 Nf6 8.
Nc3 Qd8 9. O-O Be7 10. Bf4 O-O 11. Rc1 b6 12. Qa4 Bb7 13. Rfd1 a6 14. a3 Rc8
15. b4 Nd5 16. Bg3 Bf6 17. Nxd5 Qxd5 18. Bc4 b5 19. Bxd5 bxa4 20. Bxc6 Bxc6 21.
Ne5 Bb5 22. f4 Rfd8 23. Bf2 Be7 24. Be3 f6 25. Nf3 Be2 26. Re1 Bxf3 27. gxf3
Kf7 28. Kf2 Ke8 29. Ke2 Kd7 30. Kd3 f5 31. Rg1 g6 32. h4 Rxc1 33. Rxc1 Rc8 34.
Rxc8 Kxc8 35. Bf2 Kd7 36. Kc4 Kc6 37. Be1 Bd6 38. Bd2 Be7 39. Be1 h6 40. Bf2
Bf6 41. Bg3 Be7 42. Bf2 a5 43. b5+ Kb7 44. b6 Kxb6 45. d5+ Kc7 46. Kb5 Bxa3 47.
Kxa5 exd5 48. Kxa4 Bc1 49. Kb5 Kd6 50. Bg3 Bd2 51. Bf2 Bxf4 52. Bd4 Bg3 53. Bf6
Ke6 54. Bd8 Bd6 55. Bb6 Be7 56. Bf2 Ke5 57. Be3 h5 58. Kc6 Bxh4 59. Kc5 Be7+
0-1

[Event "StM 2004"]
[Site "Hartberg"]
[Date "2004.??.??"]
[Round "5.34"]
[White "Petroczi, Thomas"]
[Black "Sulyok, Michael"]
[Result "1-0"]
[WhiteElo "2176"]
[BlackElo "2219"]
[PlyCount "35"]
[EventDate "2004.??.??"]

1. e4 g6 2. d4 Bg7 3. Nc3 d6 4. g3 Nf6 5. Bg2 O-O 6. Nge2 e5 7. h3 exd4 8. Nxd4
c6 9. O-O Na6 10. Bf4 Re8 11. Re1 d5 12. exd5 Rxe1+ 13. Qxe1 Nxd5 14. Nxd5 cxd5
15. Rd1 Bd7 16. Bxd5 Bxh3 17. Bxb7 Bxd4 18. Rxd4 1-0

[Event "StM 2004"]
[Site "Hartberg"]
[Date "2004.??.??"]
[Round "5.35"]
[White "Bachofner, Andreas"]
[Black "Fandler, Simon"]
[Result "1/2-1/2"]
[WhiteElo "2230"]
[BlackElo "1997"]
[PlyCount "98"]
[EventDate "2004.??.??"]

1. e4 c5 2. Nc3 d6 3. f4 Nc6 4. Nf3 g6 5. Bc4 Bg7 6. O-O e6 7. d3 Nge7 8. Qe1
Nd4 9. Nxd4 cxd4 10. Ne2 O-O 11. Bb3 Nc6 12. Bd2 b5 13. a4 Qb6 14. Ng3 Ne7 15.
f5 exf5 16. Bg5 Qc7 17. Bxe7 Qxe7 18. exf5 Qxe1 19. Raxe1 bxa4 20. Bxa4 Bxf5
21. Nxf5 gxf5 22. Re7 Bf6 23. Rd7 Rfd8 24. Rxd8+ Rxd8 25. Rxf5 Be5 26. Bb3 Rd7
27. g3 Kg7 28. Kg2 a5 29. Rf1 Ra7 30. Ra1 Kg6 31. Kf3 f5 32. Bd5 Rc7 33. Bb3
Ra7 34. Bc4 Rb7 35. b3 Ra7 36. Ra4 Bf6 37. b4 Bd8 38. g4 fxg4+ 39. Kxg4 Bb6 40.
Bd5 axb4 41. Rxb4 Bc5 42. Rb8 Re7 43. Rh8 Kg7 44. Rg8+ Kh6 45. Kf3 Rg7 46. Rh8
Kg5 47. Be4 Kh6 48. Bf5 Rf7 49. Kg4 Rg7+ 1/2-1/2

[Event "StM 2004"]
[Site "Hartberg"]
[Date "2004.??.??"]
[Round "5.36"]
[White "Titz, Heimo"]
[Black "Deutsch, Ludwig"]
[Result "1-0"]
[WhiteElo "2217"]
[BlackElo "2155"]
[PlyCount "95"]
[EventDate "2004.??.??"]

1. c4 Nf6 2. Nc3 c5 3. g3 g6 4. Bg2 Bg7 5. Nf3 O-O 6. O-O Nc6 7. d4 cxd4 8.
Nxd4 Ng4 9. e3 Nge5 10. b3 d6 11. h3 Nxd4 12. exd4 Nc6 13. Be3 e6 14. Rc1 Ne7
15. Qd2 Nf5 16. Bg5 Qd7 17. d5 e5 18. c5 h6 19. c6 Qc7 20. Be3 Nxe3 21. Qxe3 a6
22. Na4 b5 23. Nb6 Rb8 24. Nxc8 Rbxc8 25. a4 b4 26. h4 f5 27. Bh3 Kh7 28. f3 h5
29. Rc4 a5 30. Kg2 Rce8 31. g4 Bh6 32. Qe2 Bf4 33. Re1 fxg4 34. fxg4 Kh6 35.
g5+ Kg7 36. Rf1 Re7 37. Qe4 Kh7 38. Rc2 Rff7 39. Rcf2 Rg7 40. Be6 Qb6 41. Rxf4
exf4 42. Rxf4 Qc5 43. Rf3 Qc1 44. Qe3 Qd1 45. Rf6 Qb1 46. Qf3 Qc2+ 47. Kg3 Qc5
48. Qxh5+ 1-0

[Event "StM 2004"]
[Site "Hartberg"]
[Date "2004.??.??"]
[Round "5.37"]
[White "Zsifkovits, Robert"]
[Black "Wagner, Stephan"]
[Result "1-0"]
[WhiteElo "2142"]
[BlackElo "2174"]
[PlyCount "147"]
[EventDate "2004.??.??"]

1. e4 c5 2. Nf3 Nc6 3. Bb5 g6 4. Bxc6 bxc6 5. O-O Bg7 6. d3 d6 7. Nc3 Nh6 8. h3
O-O 9. Bd2 f6 10. Qc1 Nf7 11. Nh2 Rb8 12. b3 d5 13. Rb1 Qd6 14. Na4 c4 15. dxc4
dxe4 16. Bf4 e5 17. Be3 Qc7 18. Qa3 f5 19. Bc5 f4 20. Nc3 f3 21. Nxe4 fxg2 22.
Kxg2 Bf5 23. f3 Rfd8 24. Rbd1 Rb7 25. Ng4 Qc8 26. Ngf2 Rbd7 27. Qc1 Bh6 28. Qa1
Kg7 29. Rxd7 Rxd7 30. Rd1 Bf4 31. Rxd7 Qxd7 32. Qe1 a6 33. Qc3 Qd8 34. Be3 Qh4
35. Bxf4 Qxf4 36. Qe1 Ng5 37. Nxg5 Qxg5+ 38. Ng4 Bxg4 39. fxg4 Qf4 40. Qf2 g5
41. Qa7+ Kf6 42. Qxh7 Qd2+ 43. Kf3 Qd1+ 44. Ke3 Qe1+ 45. Kd3 Qd1+ 46. Kc3 Qd4+
47. Kb4 c5+ 48. Ka3 Qe3 49. Qd3 Qc1+ 50. Ka4 Qa1 51. Qf5+ Ke7 52. Qxg5+ Ke6 53.
Qf5+ Ke7 54. a3 Qd4 55. c3 Qf4 56. b4 Kd6 57. Qd3+ Kc7 58. Qd5 e4 59. g5 e3 60.
g6 e2 61. Qf7+ Qxf7 62. gxf7 e1=Q 63. f8=Q Qxc3 64. Qxc5+ Kb7 65. h4 Qh3 66.
Qd5+ Ka7 67. h5 Qh2 68. c5 Qh3 69. Qf7+ Kb8 70. Qe8+ Kc7 71. Qe7+ Kc8 72. c6
Qxh5 73. Qd7+ Kb8 74. Qb7# 1-0

[Event "StM 2004"]
[Site "Hartberg"]
[Date "2004.??.??"]
[Round "5.38"]
[White "Krenek, Markus"]
[Black "Herrmann, Johann"]
[Result "1-0"]
[WhiteElo "2117"]
[BlackElo "2168"]
[PlyCount "81"]
[EventDate "2004.??.??"]

1. e4 b6 2. d4 Bb7 3. Bd3 Nf6 4. Nd2 Nc6 5. c3 e5 6. Ngf3 exd4 7. cxd4 Nb4 8.
Qe2 a5 9. Bb1 Ba6 10. Qe3 Be7 11. a3 Nc6 12. Bd3 Qc8 13. O-O O-O 14. Nc4 d5 15.
exd5 Nxd5 16. Qe4 Nf6 17. Qxc6 Bb7 18. Qb5 Bd5 19. Nce5 a4 20. Bc2 Ra5 21. Qd3
c5 22. Be3 cxd4 23. Bxd4 Be4 24. Qe3 Qxc2 25. Rac1 Qb3 26. Qxb3 axb3 27. Bxb6
Rb5 28. Bd4 h6 29. Rfe1 Bd6 30. Nc4 Bf4 31. Be3 Bb8 32. Ncd2 Bd5 33. Nd4 Rb7
34. Rc3 Be5 35. f4 Bd6 36. Nf5 Bb8 37. g3 Be6 38. Nd4 Nd5 39. Nxe6 Nxc3 40.
Nxf8 Kxf8 41. bxc3 1-0

[Event "StM 2004"]
[Site "Hartberg"]
[Date "2004.??.??"]
[Round "5.39"]
[White "Koffler, Daniel"]
[Black "Bachofner, Christian"]
[Result "1-0"]
[WhiteElo "2080"]
[BlackElo "2163"]
[PlyCount "71"]
[EventDate "2004.??.??"]

1. d4 d5 2. Nf3 Nf6 3. c4 c6 4. Nc3 e6 5. Bg5 dxc4 6. e4 b5 7. e5 h6 8. Bh4 g5
9. Nxg5 hxg5 10. Bxg5 Nbd7 11. g3 Qb6 12. exf6 Bb7 13. Bg2 O-O-O 14. O-O c5 15.
d5 b4 16. Rb1 Qa6 17. dxe6 Bxg2 18. e7 Bxf1 19. Kxf1 Bxe7 20. fxe7 Rdg8 21. Ne4
Qc6 22. Nd6+ Kb8 23. Bf4 Ka8 24. f3 Nb6 25. Nxf7 Rxh2 26. Kg1 Rhh8 27. Nxh8 Nd5
28. Ng6 Kb7 29. Kf2 Kb6 30. Ne5 Qe6 31. Nxc4+ Kb5 32. Nd6+ Kb6 33. Nc4+ Kb5 34.
e8=Q+ Rxe8 35. Nd6+ Kb6 36. Nxe8 1-0

[Event "StM 2004"]
[Site "Hartberg"]
[Date "2004.??.??"]
[Round "5.41"]
[White "Almer, Gerald"]
[Black "Kranz, Armin"]
[Result "0-1"]
[WhiteElo "2105"]
[BlackElo "2149"]
[PlyCount "88"]
[EventDate "2004.??.??"]

1. d4 Nf6 2. Nf3 e6 3. Bg5 h6 4. Bh4 c5 5. e3 b6 6. Bd3 Bb7 7. Nbd2 Be7 8. O-O
Nc6 9. c4 O-O 10. dxc5 bxc5 11. Rc1 Nh5 12. Bxe7 Qxe7 13. Ne4 f5 14. Nc3 g5 15.
Ne1 Nf6 16. e4 f4 17. a3 Kh8 18. Nc2 g4 19. Qe2 Ne5 20. f3 gxf3 21. gxf3 Nh5
22. Rf2 Rg8+ 23. Kf1 Qh4 24. Qd2 Rg7 25. Ne1 Rag8 26. Ke2 Nc6 27. Kd1 Nd4 28.
Nb5 Nb3 29. Qe2 Nxc1 30. Kxc1 a6 31. Nd6 Bc6 32. e5 Rg1 33. Kd2 R8g7 34. b4 Qd8
35. Kc3 cxb4+ 36. axb4 Qa8 37. Kb3 Kg8 38. Bc2 Qa7 39. b5 axb5 40. cxb5 Bd5+
41. Kb4 Qd4+ 42. Ka5 Qc3+ 43. Kb6 Rxe1 44. Qd2 Qe3+ 0-1

[Event "StM 2004"]
[Site "Hartberg"]
[Date "2004.??.??"]
[Round "6.1"]
[White "Stanec, Nikolaus"]
[Black "Weiss, Christian"]
[Result "1/2-1/2"]
[WhiteElo "2562"]
[BlackElo "2408"]
[PlyCount "55"]
[EventDate "2004.??.??"]

1. c4 Nf6 2. Nc3 g6 3. g3 Bg7 4. Bg2 O-O 5. Nf3 d6 6. O-O e5 7. d3 Nc6 8. Rb1
a5 9. a3 h6 10. b4 axb4 11. axb4 Be6 12. b5 Ne7 13. Nd2 d5 14. Bb2 c6 15. bxc6
bxc6 16. cxd5 cxd5 17. Nb5 Ne8 18. Ba3 Nc7 19. Bc5 Nxb5 20. Rxb5 Re8 21. Qb3
Ra5 22. Bxe7 Rxb5 23. Qxb5 Rxe7 24. Rb1 Rc7 25. Nf1 Bf8 26. Ne3 Rc5 27. Qb2 Qc7
28. Bf3 1/2-1/2